| 000 | 00797cab a2200265 4500 | ||
|---|---|---|---|
| 001 | ABS57245 | ||
| 008 | 090401t1997 xxu||||| |||| 00| 0 eng d | ||
| 035 | _a(Sirsi) u79927 | ||
| 041 | _aeng | ||
| 245 | _aFloats like a butterfly | ||
| 260 | _c1997 | ||
| 350 | _a0 | ||
| 490 |
_aArchitects` Journal _v17 July 1997, 35-42(8) |
||
| 520 | _aBuilding study of the redevelopment of a 1960s former CLASP school into a community multi-media centre with a butterfly roof. Cost details. | ||
| 650 | _aBUILT ENVIRONMENT-BUILDING COSTS | ||
| 650 | _aBUTTERFLY ROOF | ||
| 650 | _aCLASP | ||
| 650 | _aCOMMUNITY CENTRES | ||
| 650 | _aCOST ANALYSIS | ||
| 650 | _aMULTIMEDIA | ||
| 650 | _aSCHOOL BUILDINGS | ||
| 690 | _aBUILDING AND CONSTRUCTION-PROJECTS | ||
| 942 | _n0 | ||
| 948 | _c28/07/1997 | ||
| 999 |
_c50303 _d50303 |
||